[Event "SVK-chT1W 2324"]
[Site "Slovakia"]
[Date "2024.02.03"]
[Round "8.8"]
[White "Kuna, Vladimir"]
[Black "Kosticky, Simon"]
[Result "1/2-1/2"]
[WhiteElo "1898"]
[BlackElo "1909"]
[PlyCount "89"]
[EventDate "2023.10.21"]
[EventType "team-tourn"]
[EventRounds "11"]
[EventCountry "SVK"]
[SourceTitle "EXT 2025"]
[Source "ChessBase"]
[SourceDate "2024.10.14"]
[SourceVersion "1"]
[SourceVersionDate "2024.10.14"]
[SourceQuality "1"]
[WhiteTeam "Bratislava Slovan III"]
[BlackTeam "Cifer"]
[WhiteTeamCountry "SVK"]
[BlackTeamCountry "SVK"]

1. d4 c5 2. Nf3 cxd4 3. Nxd4 Nc6 4. e3 Nf6 5. Be2 d6 6. 0-0 g6 7. Nxc6 bxc6 8. c4 Bg7 9. Nc3 0-0 10. Qc2 Qc7 11. h3 Rb8 12. e4 Nd7 13. Be3 Qa5 14. Bd2 Ne5 15. Nd5 Qd8 16. Nb4 a5 17. Nd3 Nxd3 18. Qxd3 Rxb2 19. Rab1 Rxa2 20. Bf3 Ba6 21. Be3 Ra4 22. Rfc1 c5 23. Bd2 Ra2 24. Bc3 Bxc3 25. Qxc3 Ra4 26. Be2 Qc7 27. h4 Rb8 28. h5 Rxb1 29. Rxb1 Rb4 30. Rc1 Qb7 31. h6 f6 32. Qf3 Rb1 33. Rxb1 Qxb1+ 34. Kh2 Qc1 35. e5 Qxh6+ 36. Kg1 Qc1+ 37. Kh2 Kg7 38. exf6+ exf6 39. Qe4 Qc3 40. Qe7+ Kh6 41. f4 f5 42. Qg5+ Kg7 43. Qe7+ Kg8 44. Qe8+ Kg7 45. Qe7+ 1/2-1/2

[Event "SVK-chT1W 2324"]
[Site "Slovakia"]
[Date "2023.10.21"]
[Round "1.6"]
[White "Kosticky, Simon"]
[Black "Rak, Martin"]
[Result "0-1"]
[WhiteElo "1877"]
[BlackElo "2108"]
[PlyCount "104"]
[EventDate "2023.10.21"]
[EventType "team-tourn"]
[EventRounds "11"]
[EventCountry "SVK"]
[SourceTitle "EXT 2025"]
[Source "ChessBase"]
[SourceDate "2024.10.14"]
[SourceVersion "1"]
[SourceVersionDate "2024.10.14"]
[SourceQuality "1"]
[WhiteTeam "Cifer"]
[BlackTeam "Bratislava KSN"]
[WhiteTeamCountry "SVK"]
[BlackTeamCountry "SVK"]

1. c4 e5 2. Nc3 Bb4 3. g3 Nf6 4. Bg2 0-0 5. Nf3 d6 6. 0-0 Nc6 7. d3 h6 8. a3 Bxc3 9. bxc3 e4 10. Nd4 Ne5 11. f4 Ned7 12. Rb1 Nc5 13. a4 Bd7 14. a5 c6 15. a6 b6 16. Ba3 Re8 17. h3 Qc8 18. Kh2 Qxa6 19. Bb4 Qc8 20. Nc2 exd3 21. exd3 Bf5 22. Rf3 h5 23. Nd4 Bd7 24. Qd2 Nb7 25. Ba3 c5 26. Nc2 Qc7 27. Re3 Rxe3 28. Nxe3 Re8 29. Nd5 Nxd5 30. cxd5 Bf5 31. Re1 Qd7 32. Re3 Kf8 33. c4 Rxe3 34. Qxe3 a6 35. Bb2 b5 36. Bf3 Bxh3 37. Bxh5 Qf5 38. Bf3 Bf1 39. Be4 Qh5+ 40. Kg1 Qd1 41. Kf2 Bh3 42. Qe2 Qxe2+ 43. Kxe2 Bg4+ 44. Kd2 f5 45. Bg2 b4 46. d4 g6 47. Bf1 Ke7 48. Kc2 a5 49. Kb3 Bd1+ 50. Ka2 a4 51. Bd3 Bb3+ 52. Ka1 Na5 0-1

[Event "SVK-chT2A 2223"]
[Site "Slovakia"]
[Date "2023.03.25"]
[Round "10.8"]
[White "Kosticky, Simon"]
[Black "Sevcik, Matej"]
[Result "0-1"]
[WhiteElo "1868"]
[BlackElo "2063"]
[PlyCount "60"]
[EventDate "2022.10.08"]
[EventType "team-tourn"]
[EventRounds "11"]
[EventCountry "SVK"]
[SourceTitle "EXT 2024"]
[Source "ChessBase"]
[SourceDate "2023.10.10"]
[SourceVersion "1"]
[SourceVersionDate "2023.10.10"]
[SourceQuality "1"]
[WhiteTeam "Cifer"]
[BlackTeam "Bratislava Doprastav II"]
[WhiteTeamCountry "SVK"]
[BlackTeamCountry "SVK"]

1. c4 Nc6 2. Nc3 e5 3. g3 g6 4. Bg2 Bg7 5. Nf3 d6 6. 0-0 Nge7 7. d3 h6 8. Rb1 a5 9. a3 Be6 10. b4 axb4 11. axb4 Qd7 12. Re1 0-0 13. Be3 f5 14. b5 Nd8 15. Qc2 g5 16. Ra1 Rxa1 17. Rxa1 f4 18. Bc1 Nf5 19. Ra8 g4 20. Nd2 Nd4 21. Qd1 f3 22. exf3 gxf3 23. Bf1 Bg4 24. Nde4 Qf7 25. Be3 N8e6 26. Ra7 Qh5 27. Rxb7 Ne2+ 28. Kh1 Rf5 29. b6 Qxh2+ 30. Kxh2 Rh5+ 0-1

[Event "SVK-chT3A2 2223"]
[Site "Slovakia"]
[Date "2022.12.18"]
[Round "4.5"]
[White "Palka, Miroslav"]
[Black "Kosticky, Simon"]
[Result "0-1"]
[WhiteElo "1693"]
[BlackElo "1884"]
[PlyCount "106"]
[EventDate "2022.10.16"]
[EventType "team-tourn"]
[EventRounds "9"]
[EventCountry "SVK"]
[SourceTitle "EXT 2024"]
[Source "ChessBase"]
[SourceDate "2023.10.10"]
[SourceVersion "1"]
[SourceVersionDate "2023.10.10"]
[SourceQuality "1"]
[WhiteTeam "Senica SK"]
[BlackTeam "Cifer II"]
[WhiteTeamCountry "SVK"]
[BlackTeamCountry "SVK"]

1. c4 c5 2. Nc3 Nc6 3. g3 g6 4. Bg2 Bg7 5. e4 d6 6. d3 Nf6 7. Nge2 0-0 8. 0-0 Rb8 9. f4 Bg4 10. h3 Bxe2 11. Qxe2 Nd4 12. Qd1 a6 13. Be3 Nd7 14. Rb1 b5 15. Ne2 Nxe2+ 16. Qxe2 bxc4 17. dxc4 Qa5 18. b3 Qa3 19. Bc1 Qb4 20. Bd2 Qb6 21. Kh2 a5 22. Be3 Qa6 23. Rfd1 Rfd8 24. Qf2 a4 25. e5 dxe5 26. fxe5 Bxe5 27. Bxc5 Nxc5 28. Qxc5 Rxd1 29. Rxd1 Bd6 30. Qe3 axb3 31. axb3 Qa3 32. Rd3 Bc5 33. Qf3 Qc1 34. Qf1 Qc2 35. Rf3 Rf8 36. Qd3 Qc1 37. Rf1 Qb2 38. Qd5 Qa3 39. h4 h5 40. Qd3 Qb2 41. Rb1 Qf6 42. b4 Bd6 43. Qe4 Qc3 44. Qf3 Qxc4 45. Qe4 Qc3 46. Qf3 Bxb4 47. Qxc3 Bxc3 48. Rb3 Be5 49. Be4 Rc8 50. Kh3 Kg7 51. Re3 Rc3 52. Rxc3 Bxc3 53. g4 hxg4+ 0-1

[Event "SVK-chT3A2 2223"]
[Site "Slovakia"]
[Date "2022.11.06"]
[Round "2.5"]
[White "Kosticky, Simon"]
[Black "Lauko, Tomas"]
[Result "1-0"]
[WhiteElo "1884"]
[BlackElo "1741"]
[PlyCount "105"]
[EventDate "2022.10.16"]
[EventType "team-tourn"]
[EventRounds "9"]
[EventCountry "SVK"]
[SourceTitle "EXT 2024"]
[Source "ChessBase"]
[SourceDate "2023.10.10"]
[SourceVersion "1"]
[SourceVersionDate "2023.10.10"]
[SourceQuality "1"]
[WhiteTeam "Cifer II"]
[BlackTeam "Gbely Nafta"]
[WhiteTeamCountry "SVK"]
[BlackTeamCountry "SVK"]

1. c4 c5 2. Nc3 Nc6 3. g3 e6 4. Bg2 Nf6 5. Nf3 Be7 6. 0-0 d5 7. cxd5 Nxd5 8. d4 cxd4 9. Nxd4 Nxd4 10. Qxd4 Nxc3 11. Qxc3 0-0 12. Bf4 Bf6 13. Be5 Bxe5 14. Qxe5 Qb6 15. Rfd1 a5 16. Rd6 Qb4 17. Rad1 f6 18. Qh5 a4 19. Rd8 Qe7 20. Rxf8+ Qxf8 21. Be4 f5 22. Qh4 Qf6 23. Qxf6 gxf6 24. Rd8+ Kf7 25. Bxb7 Bxb7 26. Rd7+ Kg6 27. Rxb7 e5 28. Rb4 Kg5 29. Kg2 f4 30. gxf4+ exf4 31. Kf3 a3 32. b3 Rc8 33. Ra4 Rc3+ 34. e3 fxe3 35. fxe3 Rc2 36. h4+ Kh5 37. Rxa3 Kxh4 38. Ra7 h5 39. a4 Rb2 40. Rb7 Rb1 41. a5 Kh3 42. a6 h4 43. a7 Rf1+ 44. Ke2 Ra1 45. b4 Kg2 46. Rg7+ Kh2 47. b5 h3 48. b6 Ra2+ 49. Kf3 Rg2 50. Rh7 Ra2 51. b7 Rxa7 52. b8Q+ Kg1 53. Qg3+ 1-0

[Event "SVK-chT2A 2122"]
[Site "Slovakia"]
[Date "2022.03.06"]
[Round "6.5"]
[White "Slobodnik, Michal"]
[Black "Kosticky, Simon"]
[Result "1-0"]
[WhiteElo "2039"]
[BlackElo "1866"]
[PlyCount "57"]
[EventDate "2021.10.16"]
[EventType "team-tourn"]
[EventRounds "11"]
[EventCountry "SVK"]
[SourceTitle "EXT 2023"]
[Source "ChessBase"]
[SourceDate "2022.10.05"]
[SourceVersion "1"]
[SourceVersionDate "2022.10.05"]
[SourceQuality "1"]
[WhiteTeam "Trnava Sered"]
[BlackTeam "Cífer"]
[WhiteTeamCountry "SVK"]
[BlackTeamCountry "SVK"]

1. e4 c5 2. d4 cxd4 3. c3 dxc3 4. Nxc3 d6 5. Bc4 Nc6 6. Nf3 a6 7. 0-0 Nf6 8. Qe2 Bg4 9. Rd1 Qb8 10. Bb3 e6 11. Bf4 Be7 12. Rac1 0-0 13. h3 Bxf3 14. Qxf3 Ne5 15. Qe2 b5 16. Bg3 Rc8 17. f4 Nc4 18. Kh2 Qb7 19. e5 dxe5 20. fxe5 Nd5 21. Qf3 Rd8 22. Nxd5 Rxd5 23. Bc2 Bg5 24. Rxd5 exd5 25. Qf5 f6 26. Qxh7+ Kf8 27. Bg6 Ra7 28. Rxc4 dxc4 29. exf6 1-0

[Event "SVK-chT4 A22 1819"]
[Site "Slovakia"]
[Date "2019.03.03"]
[Round "10.4"]
[White "Kosticky, Simon"]
[Black "Karel, Branislav"]
[Result "1-0"]
[WhiteElo "1629"]
[BlackElo "1397"]
[PlyCount "53"]
[EventDate "2018.10.14"]
[EventType "team-tourn"]
[EventRounds "11"]
[EventCountry "SVK"]
[SourceTitle "EXT 2020"]
[Source "ChessBase"]
[SourceDate "2019.10.17"]
[SourceVersion "1"]
[SourceVersionDate "2019.10.17"]
[SourceQuality "1"]

1. d4 d5 2. c4 c6 3. Nc3 e6 4. Nf3 Nf6 5. Bg5 dxc4 6. e4 b5 7. e5 h6 8. Bh4 g5 9. Nxg5 hxg5 10. Bxg5 Bb4 11. Bxf6 Qa5 12. Bxh8 Bxc3+ 13. bxc3 Qxc3+ 14. Ke2 Qb2+ 15. Kf3 Bb7 16. Kg3 Nd7 17. Be2 0-0-0 18. Bf6 Rg8+ 19. Bg4 c5 20. Rb1 Qc3+ 21. f3 cxd4 22. Rxb5 d3 23. Qc1 Qd4 24. Qf4 Qc3 25. Rc1 d2 26. Rxc3 d1Q 27. Qxc4+ 1-0